Hadith berkaitan bentuk hukuman ta'zir : analisis terhadap kefahaman, pelaksanaan dan penerimaan dalam masyarakat Aceh /
Saved in:
| Main Author: | |
|---|---|
| Format: | Thesis Book |
| Language: | Malay |
| Published: |
2019.
|
| Subjects: | |
| Tags: |
Add Tag
No Tags, Be the first to tag this record!
|
| LEADER | 01406cam a2200325 i 4500 | ||
|---|---|---|---|
| 001 | u1127039 | ||
| 003 | SIRSI | ||
| 005 | 201911211049 | ||
| 008 | 191121s2019 my a m 000 0 may | ||
| 040 | |a UMA |d UMM |e rda | ||
| 043 | |a a-io--- | ||
| 090 | |a BP42 |b A2 UM 2019 Mut | ||
| 094 | |a BP42 |b A2 UM 2019 Mut | ||
| 100 | 1 | |a Mutia, Isna, |e author. | |
| 245 | 1 | 0 | |a Hadith berkaitan bentuk hukuman ta'zir : |b analisis terhadap kefahaman, pelaksanaan dan penerimaan dalam masyarakat Aceh / |c Isna Mutia. |
| 264 | 1 | |c 2019. | |
| 300 | |a xxvii, 170 leaves : |b illustrations ; |c 30 cm | ||
| 336 | |a text |2 rdacontent | ||
| 337 | |a unmediated |2 rdamedia | ||
| 338 | |a volume |2 rdacarrier | ||
| 502 | |b M.Usuluddin |c Jabatan Al-Quran dan Hadith, Akademi Pengajian Islam, Universiti Malaya |d 2019. | ||
| 504 | |a Bibliography: leaves 165-170. | ||
| 650 | 0 | |a Hadith |x Criticism, interpretation, etc. | |
| 650 | 0 | |a Ta'zir punishment (Islamic law) |z Aceh (Indonesia) | |
| 650 | 0 | |a Muslims |z Aceh (Indonesia) | |
| 710 | 2 | |a Universiti Malaya. |b Jabatan Al-Quran dan Al-Hadith, |e degree granting institution. | |
| 900 | |a ZA | ||
| 596 | |a 1 12 | ||
| 999 | |a BP42 A2 UM 2019 MUT |w LC |c 1 |i A517119317 |f 5/12/2019 |g 1 |l STACKS |m P12ISLAMKL |r Y |s Y |t TESIS |u 5/12/2019 |1 AHSS |2 GIFT | ||
| 999 | |a BP42 A2 UM 2019 MUT |w LC |c 1 |i A517372163 |d 12/3/2023 |e 12/3/2023 |f 22/1/2020 |g 1 |l STACKS |m P01UTAMA |n 2 |r Y |s Y |t TESIS |u 14/1/2020 |1 AHSS |o .STAFF. tiada cd dan agreement | ||
